Pequena viagem pelo mundo da dança (Record no. 61292)

MARC details
000 -LÍDER
campo de controle de tamanho fixo 00357 a2200157 4500
001 - NÚMERO DE CONTROLE
campo de controle 61292
020 ## - ISBN - INTERNATIONAL STANDARD BOOK NUMBER
ISBN - International Standard Book Number 8516051439
040 ## - FONTE DA CATALOGAÇÃO
Instituição que transcreveu o registro Anchieta - Pituba
100 ## - ENTRADA PRINCIPAL--NOME PESSOAL
Nome pessoal Rengel, Lenira
240 10 - TÍTULO UNIFORME
Título uniforme Pequena viagem pelo mundo da dança
Idioma da obra por
245 10 - TÍTULO
Título Pequena viagem pelo mundo da dança
300 ## - DESCRIÇÃO FÍSICA
Extensão 80
362 0# - DATAS DE PUBLICAÇÃO E/OU DESIGNAÇÃO SEQUENCIAL
Datas de publicação e/ou designação sequencial 2006
650 #4 - ASSUNTO--TERMO TÓPICO
Cabeçalho tópico ou nome geográfico Danças
942 ## - ELEMENTOS DE ENTRADA ADICIONADOS (KOHA)
Tipo de material Koha Livros
Holdings
Situação do descarte Situação das perdas Situação física Não pode ser emprestado Biblioteca de origem Biblioteca atual Data de aquisição Total de empréstimos Número de chamada completo Código de barras Data de último acesso Data do preço efetivo Tipo de material Koha Fonte da classificação ou esquema de arquivamento na estante Nota pública
        Colégio Anchieta - Pituba Colégio Anchieta - Pituba 21/11/2023   793 R412p REN PEQ 13269/PIT 21/11/2023 21/11/2023 Livros    
        Novo Tempo - Aureliano São José Novo Tempo - Aureliano São José 12/07/2024     fm159 12/07/2024 12/07/2024 Livros Classificação Decimal de Dewey FD2/EM